Southville International School and Colleges
Your cart is empty.
  • Cart
  • Lists
    Public lists Eva Luna New books Lux_list list_1
    Your lists Log in to create your own lists
  • Log in to your account
  • Your cookies
  • Search history
Southville International School and Colleges
  • Advanced search
  • Recent comments
  • Most popular
  • Libraries

Log in to your account

Log in with GOOGLE


If you do not have an external account, but do have a local account, you can still log in:

  1. Home
  2. MARC view: IT project management /
Normal view MARC view ISBD view

IT project management / (Record no. 23982)

[ view plain ]
MARC details
000 -LEADER
fixed length control field 00619nam a2200229 a 4500
005 - DATE AND TIME OF LATEST TRANSACTION
control field 20140310183503.0
008 - FIXED-LENGTH DATA ELEMENTS--GENERAL INFORMATION
fixed length control field 100930s19uu xx 00 eng d
020 ## - INTERNATIONAL STANDARD BOOK NUMBER
International Standard Book Number 9789710411795
050 ## - LIBRARY OF CONGRESS CALL NUMBER
Classification number HD 30.2
Item number .Es79 2010
100 ## - MAIN ENTRY--PERSONAL NAME
Personal name Estaris, Jay
245 ## - TITLE STATEMENT
Title IT project management /
Statement of responsibility, etc Jay Estaris.
250 ## - EDITION STATEMENT
Edition statement 3rd ed.
260 ## - PUBLICATION, DISTRIBUTION, ETC. (IMPRINT)
Place of publication, distribution, etc Philippines :
Name of publisher, distributor, etc TechFactors Inc,
Date of publication, distribution, etc 2008.
300 ## - PHYSICAL DESCRIPTION
Extent 122 p. :
Other physical details ill. col. ;
Dimensions 27 cm.
521 ## - TARGET AUDIENCE NOTE
Target audience note
650 ## - SUBJECT ADDED ENTRY--TOPICAL TERM
Topical term or geographic name as entry element Project management.
700 ## - ADDED ENTRY--PERSONAL NAME
Personal name de Jesus, Joy T.
700 ## - ADDED ENTRY--PERSONAL NAME
Personal name M.S., Lesley Abey
700 ## - ADDED ENTRY--PERSONAL NAME
Personal name Caro, Jaime D.L.
942 ## - ADDED ENTRY ELEMENTS (KOHA)
Koha item type Books
Source of classification or shelving scheme Library of Congress Classification
Call number prefix Local
Holdings
Withdrawn status Lost status Source of classification or shelving scheme Damaged status Home library Current library Shelving location Date acquired Source of acquisition Total Checkouts Full call number Barcode Date last seen Copy number Price effective from Koha item type
    Library of Congress Classification   College Library College Library Filipiniana Section 09/30/2010 Donation   HD 30.2 .Es79 2010 C11310 05/08/2018 1 10/18/2013 Books

IT project management /

APA

Estaris J., de Jesus J. T., M.S & Caro J. D. (2008). IT project management. Philippines: TechFactors Inc.

Chicago

Estaris Jay, de Jesus Joy T, M.S and Caro Jaime D.L. 2008. IT project management. Philippines: TechFactors Inc.

Harvard

Estaris J., de Jesus J. T., M.S and Caro J. D. (2008). IT project management. Philippines: TechFactors Inc.

MLA

Estaris Jay, de Jesus Joy T, M.S and Caro Jaime D.L. IT project management. Philippines: TechFactors Inc. 2008.

  • Place hold
  • Print
  • Cite
  • Add to your cart (remove)
  • Save record
    BIBTEX Dublin Core MARCXML MARC (non-Unicode/MARC-8) MARC (Unicode/UTF-8) MARC (Unicode/UTF-8, Standard) MODS (XML) RIS
  • More searches
    Search for this title in:
    Other Libraries (WorldCat) Other Databases (Google Scholar) Online Stores (Bookfinder.com) Open Library (openlibrary.org)

Exporting to Dublin Core...

SOUTHVILLE LIBRARY

Southville International School and Colleges Library

1281 Tropical Ave. Cor. Luxembourg St., BF Homes International, Las Pinas City

Tel. No. 8256374 / 252358 Loc. 117/146

Powered by Koha